000 00358 a2200169 4500
001 187839
020 _a85-262-4566-X
040 _cMagnum
100 _aCabrini, Conceição
240 1 0 _aHistória temática 6
_lpor
245 1 0 _aHistória temática 6
300 _a191
362 0 _a2000
440 1 _aScipione
697 _aHISTÓRIA
942 _cBK
999 _c187839
_d187839